| 000 | 00661nam a2200241 a 4500 | ||
|---|---|---|---|
| 001 | BRL_16 | ||
| 005 | 20190320210542.0 | ||
| 008 | 750102s1974 nyua######---#000-0#eng-# | ||
| 020 | _a051751687X | ||
| 040 |
_aDLC _cDLC _dDLC |
||
| 041 | _aeng | ||
| 044 | _anyu | ||
| 050 | 4 |
_aQH46 _b.L56 1974 |
|
| 100 | 1 |
_aLine, Les _922663 |
|
| 245 | 1 | 0 |
_aThis Good Earth _bthe view from Audubon magazine _cedited by Les Line. |
| 260 |
_aNueva York _bCrown Publishers _c[1974] |
||
| 300 |
_a256 p. _bil. a color _c32 cm. |
||
| 500 | _aAu39 | ||
| 650 | 1 | 4 |
_aHistoria natural _xLibros de láminas _922664 |
| 730 | 0 |
_aRevista Audubon _922665 |
|
| 902 | _aGRL | ||
| 942 |
_2lcc _cB |
||
| 999 |
_c8829 _d8829 |
||